000 00326nam a22001457a 4500
008 210301b ||||| |||| 00| 0 eng d
020 _a9780072977356
041 _aeng
080 _26th
_a336
082 _a336
100 _a56
101 _aFIN
245 _aAdvanced Financial Accounting
_cBaker, R. E
942 _2udc
_cBK
999 _c55335
_d55335